000 00582nam a2200181 i 4500
001 79631
003 ES-MaACL
005 20230906174022.0
007 t|
008 041022s1971 sp a |||| | spa d
080 _a338(46)"1960/70"
245 0 0 _aDatos básicos sobre la evolución de la economía española
_b: (1960-1970) /
_cAntonio Hernando, director.
260 _a[Madrid :
_bMAPFRE,
_c1971]
300 _a201 p. :
_bil. ;
_c24 cm.
651 4 _aEspaña-
_xSituación económica-
_y1955-1975.
_9171815
700 1 _aHernando Lorenzo, A.
_963082
852 _aES-MaACL
_jC-43499
999 _c79631
_d79631